| Tag |
First Indicator |
Second Indicator |
Subfields |
| LEADER |
00000cam a2200000 a 4500 |
| 001 |
in00000076535 |
| 005 |
20151008053712.0 |
| 008 |
791023s1938 maub 00010 engm |
| 010 |
|
|
|a 38003156
|
| 035 |
|
|
|a (OCoLC)05577594
|
| 035 |
|
|
|9 AAH8350AM
|
| 040 |
|
|
|a DLC
|c CLE
|d m.c.
|d TXA
|d UtOrBLW
|
| 049 |
|
|
|a TXAM
|c [1195671]
|
| 050 |
0 |
0 |
|a LD7123
|b .A5 1938
|
| 082 |
0 |
|
|a 376.87444
|
| 110 |
2 |
|
|a Radcliffe College.
|
| 245 |
1 |
3 |
|a An acre for education.
|
| 264 |
|
1 |
|a Cambridge, Mass. :
|b Radcliffe College,
|c 1938.
|
| 300 |
|
|
|a 47 pages :
|b maps ;
|c 18 cm.
|
| 336 |
|
|
|a text
|b txt
|2 rdacontent
|
| 337 |
|
|
|a unmediated
|b n
|2 rdamedia
|
| 338 |
|
|
|a volume
|b nc
|2 rdacarrier
|
| 500 |
|
|
|a Maps on lining-papers.
|
| 999 |
|
|
|a MARS
|
| 999 |
f |
f |
|s 6345db3e-a3ee-387b-9cdc-7e3f13ca0845
|i 2d44c997-60cc-3137-be31-db08d2bbf832
|t 0
|
| 952 |
f |
f |
|p normal
|a Texas A&M University
|b College Station
|c Sterling C. Evans Library
|d Evans: Library Stacks
|t 0
|e LD7123 .A5 1938
|h Library of Congress classification
|i unmediated -- volume
|m A14806164841
|
| 998 |
f |
f |
|a LD7123 .A5 1938
|t 0
|l Evans: Library Stacks
|